Zgadnij Piłkarza po Klubie i Narodowości - Statystyki

Ogólne statystyki
  • Ten quiz został rozwiązany 569 razy
  • Średni wynik to 2 z 10
Statystyki odpowiedzi
Klub | Narodowość Nazwisko % Poprawnych
Real Madryt | Francja Camavinga
72%
Inter | Chorwacja Perisic
38%
Juventus | Brazylia Sandro
31%
Wolverhampton | Meksyk Jimenez
29%
Aston VIlla |Jamajka Bailey
26%
Villarreal |Nigeria Chukwueze
13%
Olympique Marsylia | Turcja Under
12%
Atalanta | Szwajcaria Freuler
10%
Legia Warszawa | Izrael Abu Hanna
7%
Lazio | Polska Dziczek
6%
Nie znaleziono quizów pasujących do podanych kryteriów
Rozkład punktacji
Procent ludzi z każdym wynikiem
Percentyl według liczby udzielonych odpowiedzi
Twoja historia wyników
Nie rozwiązałeś tego quizu